000 00744nam a2200181Ia 4500
008 100920s9999 xx 000 0 und d
082 _b8980
_a891.43 थ 57
100 _aअश्क उपेन्द्रनाथ.
245 _aकहानी लेखिका और जेहलम के सात पुल.
260 _bनीलाभ प्रकाशन, इलाहाबाद.
_c1957
300 _a184
_bसाधी
365 _b3.5
520 _aहिंदी.
630 _aकहानी लेखिका और जेहलम के सात पुल.
650 _aहिंदी.
730 _aकहानी लेखिका और जेहलम के सात पुल.
942 _cBOOK
999 _c676124
_d676121